MARC

LEADER 00000nam0a2200000 4500
001 287087
005 20231101235944.0
020 |a RU  |b 85-66945 
035 |a (RuTPU)RU\TPU\book\311459 
090 |a 287087 
100 |a 20150312d1985 k y0rusy5003 ca 
101 0 |a rus 
102 |a RU 
105 |a a z 001zy 
200 1 |a Усиление нежестких дорожных одежд  |f под ред. О. Т. Батракова 
210 |a Москва  |c Транспорт  |d 1985 
215 |a 144 с.  |c ил. 
320 |a Библиогр.: с. 141-143 
606 1 |a Дорожные работы  |2 stltpush  |3 (RuTPU)RU\TPU\subj\10069  |9 37203 
610 1 |a земляное полотно 
610 1 |a дорожные материалы 
610 1 |a устойчивость 
610 1 |a укрепление 
610 1 |a автомобильные дороги 
610 1 |a дорожные одежды 
610 1 |a конструирование 
610 1 |a расчет 
675 |a 625.8  |z rus  |v 4 
702 1 |a Батраков  |b О. Т.  |g Олег Трифонович  |4 340 
801 0 |a RU  |b RuMRKP  |c 19950704  |g psbo 
801 1 |a RU  |b 63413507  |c 20150312 
801 2 |a RU  |b 63413507  |c 20170703  |g RCR 
942 |c BK